000 00264nam a2200109Ia 4500
005 20251222154407.0
008 251222s9999||||xx |||||||||||||| ||spa||
082 _a869.914/A83
100 _a"Asturias, Miguel Angel"
245 0 _aLeyendas de Guatemala
942 _cLIB
999 _c35525
_d35525